[Event "Titled Tuesday intern Qual4 25th April"]
[Site "Chess.com INT"]
[Date "2017.04.25"]
[Round "1"]
[White "Hassan, Abubaker Ali"]
[Black "Maidel, Anton"]
[Result "0-1"]
[WhiteElo "2177"]
[BlackElo "2347"]
[PlyCount "42"]
[EventDate "2017.04.25"]
[EventType "swiss (blitz)"]
[EventRounds "10"]
[EventCountry "USA"]
[SourceTitle "EXT 2021"]
[Source "ChessBase"]
[SourceDate "2020.10.23"]
[SourceVersion "1"]
[SourceVersionDate "2020.10.23"]
[SourceQuality "1"]

1. e4 e6 2. d4 d5 3. Nd2 Be7 4. Ngf3 Nf6 5. Bd3 dxe4 6. Nxe4 Nbd7 7. 0-0 Nxe4 8. Bxe4 Nf6 9. Bd3 0-0 10. Bg5 b6 11. c3 Bb7 12. Re1 Rc8 13. Qe2 c5 14. dxc5 Rxc5 15. Rad1 Qa8 16. Bxf6 Bxf6 17. Be4 h6 18. Rd7 Bxe4 19. Qxe4 a5 20. Qxa8 Rxa8 21. Re2 Rb8 0-1

[Event "Titled Tuesday intern Qual3 18th April"]
[Site "Chess.com INT"]
[Date "2017.04.18"]
[Round "6"]
[White "Hassan, Abubaker Ali"]
[Black "Johnson, Joel F"]
[Result "0-1"]
[WhiteElo "2177"]
[BlackElo "2223"]
[PlyCount "78"]
[EventDate "2017.04.18"]
[EventType "swiss (blitz)"]
[EventRounds "10"]
[EventCountry "USA"]
[SourceTitle "EXT 2021"]
[Source "ChessBase"]
[SourceDate "2020.10.23"]
[SourceVersion "1"]
[SourceVersionDate "2020.10.23"]
[SourceQuality "1"]

1. d4 b5 2. e4 a6 3. a4 b4 4. Nf3 Bb7 5. Nbd2 e6 6. Bd3 Nf6 7. 0-0 d6 8. Re1 Nbd7 9. Nf1 h6 10. Ng3 g5 11. d5 e5 12. Nf5 Bc8 13. c4 Nc5 14. Be3 Nxd3 15. Qxd3 Bxf5 16. exf5 Be7 17. Nd2 Qd7 18. c5 dxc5 19. Nc4 Bd6 20. f4 e4 21. Qd2 0-0-0 22. Qe2 Qxf5 23. Ne5 Kb7 24. Nxf7 gxf4 25. Nxd8+ Rxd8 26. Rf1 Nxd5 27. Rad1 Rg8 28. g3 f3 29. Qf2 Nxe3 30. Qxe3 Bxg3 31. Qb3 Bxh2+ 32. Kh1 Rg2 33. Qd5+ Qxd5 34. Rxd5 Bd6 35. Re1 Re2 36. Rf1 Rxb2 37. Rdd1 Rh2+ 38. Kg1 Rg2+ 39. Kh1 Bg3 0-1

[Event "Titled Tuesday intern op 7th Febr"]
[Site "Chess.com INT"]
[Date "2017.02.07"]
[Round "1"]
[White "Hassan, Abubaker Ali"]
[Black "Carlstedt, Jonathan"]
[Result "0-1"]
[WhiteElo "2177"]
[BlackElo "2424"]
[PlyCount "86"]
[EventDate "2017.02.07"]
[EventType "swiss (blitz)"]
[EventRounds "9"]
[EventCountry "USA"]
[SourceTitle "EXT 2021"]
[Source "ChessBase"]
[SourceDate "2020.10.23"]
[SourceVersion "1"]
[SourceVersionDate "2020.10.23"]
[SourceQuality "1"]

1. e4 e5 2. Nf3 Nc6 3. d4 exd4 4. Nxd4 Nf6 5. Nc3 Bb4 6. Bc4 0-0 7. 0-0 Bxc3 8. bxc3 Nxe4 9. Bd3 d5 10. Ba3 Re8 11. Ne2 Ne5 12. c4 Nxd3 13. cxd3 Nf6 14. Qc2 Bf5 15. Ng3 Bg6 16. Qb3 b6 17. Rad1 Qd7 18. d4 dxc4 19. Qxc4 Rac8 20. d5 c5 21. dxc6 Qxc6 22. Qa6 Qc4 23. Qxc4 Rxc4 24. Rd2 h5 25. Rc1 Rxc1+ 26. Bxc1 Re1+ 27. Nf1 Rxc1 28. Rd8+ Kh7 29. h3 Ra1 30. Rd2 Ne4 31. Rb2 Nc5 32. g4 Bd3 33. gxh5 Bxf1 34. Kh2 Bc4 35. Kg3 Rxa2 36. Rb1 b5 37. h6 gxh6 38. h4 Ne4+ 39. Kf4 Nxf2 40. h5 a5 41. Rf1 b4 42. Rg1 Nh3+ 43. Ke5 Nxg1 0-1

[Event "Olympiad-42"]
[Site "Baku"]
[Date "2016.09.12"]
[Round "10.4"]
[White "Michel Yunis, Christian D"]
[Black "Hassan, Abubaker Ali"]
[Result "1/2-1/2"]
[WhiteElo "2234"]
[BlackElo "2167"]
[PlyCount "147"]
[EventDate "2016.09.02"]
[EventType "team-swiss"]
[EventRounds "11"]
[EventCountry "AZE"]
[SourceTitle "CBM 175"]
[Source "ChessBase"]
[SourceDate "2016.11.10"]
[SourceVersion "1"]
[SourceVersionDate "2016.11.10"]
[SourceQuality "1"]
[WhiteTeam "Palestine"]
[BlackTeam "Sudan"]
[WhiteTeamCountry "PLE"]
[BlackTeamCountry "SUD"]

1. d4 Nf6 2. Nf3 e6 3. c4 b6 4. a3 Be7 5. Nc3 Bb7 6. d5 0-0 7. e4 d6 8. Bd3 Nbd7 9. 0-0 e5 10. b4 Re8 11. Re1 Nf8 12. Nd2 Ng6 13. Bf1 Bc8 14. Nb3 Rf8 15. a4 Bg4 16. f3 Bd7 17. Be3 Nh5 18. g3 Nf6 19. a5 Qc8 20. Qc2 Ne8 21. axb6 cxb6 22. c5 Nc7 23. cxb6 axb6 24. Bxb6 Rb8 25. Qf2 Na8 26. Ba5 Qxc3 27. Rec1 Qxb3 28. Bc4 Qxb4 29. Bxb4 Rxb4 30. Bf1 Bd8 31. Qd2 Rb8 32. h4 Ne7 33. Kh1 Bb6 34. Ba6 h6 35. Qb4 Bc5 36. Qd2 Bd4 37. Ra2 f5 38. Bd3 fxe4 39. Bxe4 Nf5 40. Qe1 Rb3 41. Kh2 Rfb8 42. g4 Ne3 43. h5 Bxg4 44. fxg4 Nxg4+ 45. Kg2 Re3 46. Re2 Reb3 47. Rb1 Rxb1 48. Bxb1 Nf6 49. Bf5 Nxh5 50. Rc2 Nf4+ 51. Kh2 Nb6 52. Qb1 Nd7 53. Qa2 Nc5 54. Qa5 Rf8 55. Bh3 e4 56. Bf1 e3 57. Qc7 Be5 58. Kh1 Ne4 59. Bb5 e2 60. Rc1 Nc3 61. Ba6 Nd1 62. Bxe2 Nf2+ 63. Kg1 Nxe2+ 64. Kg2 Nxc1 65. Qxc1 Nd3 66. Qc4 Ne1+ 67. Kg1 Nf3+ 68. Kg2 h5 69. Qe4 Rf4 70. Qb1 Nd4 71. Kh3 Rg4 72. Qb8+ Kh7 73. Qh8+ Kg6 74. Qxh5+ 1/2-1/2

[Event "Olympiad-42"]
[Site "Baku"]
[Date "2016.09.09"]
[Round "7.4"]
[White "Wilson, Brandon"]
[Black "Hassan, Abubaker Ali"]
[Result "1/2-1/2"]
[WhiteElo "2074"]
[BlackElo "2167"]
[PlyCount "63"]
[EventDate "2016.09.02"]
[EventType "team-swiss"]
[EventRounds "11"]
[EventCountry "AZE"]
[SourceTitle "CBM 175"]
[Source "ChessBase"]
[SourceDate "2016.11.10"]
[SourceVersion "1"]
[SourceVersionDate "2016.11.10"]
[SourceQuality "1"]
[WhiteTeam "Jamaica"]
[BlackTeam "Sudan"]
[WhiteTeamCountry "JAM"]
[BlackTeamCountry "SUD"]

1. e4 e5 2. Nf3 Nc6 3. Bb5 a6 4. Ba4 Nf6 5. d3 b5 6. Bb3 Be7 7. c3 0-0 8. 0-0 d5 9. Qe2 dxe4 10. dxe4 Qe8 11. Re1 Bg4 12. Nbd2 Bc5 13. Nf1 Nh5 14. h3 Be6 15. Ng5 g6 16. Nxe6 fxe6 17. Be3 Nf4 18. Qg4 h5 19. Qg3 Bxe3 20. Rxe3 Qe7 21. Nd2 Rad8 22. Nf3 Kg7 23. Qg5 Qxg5 24. Nxg5 Rd2 25. g3 Kh6 26. gxf4 exf4 27. Nxe6 fxe3 28. Nxf8 Ne5 29. fxe3 Nf3+ 30. Kf1 Nh2+ 31. Ke1 Nf3+ 32. Kf1 1/2-1/2